00821nam a2200229Ia 4500003000900000008004100009020003000050020003100080022002200111022002300133040001600156100002200172245005300194260005700247300002000304490005900324650004800383650002700431650004800458650001200506856007300518IN-BaIIA211028s9999 xx s 000 0 eng d a978-3-642-28390-1 (Print) a978-3-642-28391-8 (Online) a1618-7210 (Print) a2197-5647 (Online) cIIA Library aLiang, Rongguang  0aBiomedical Optical Imaging Technologiesh[eBook] aHeidelberg, BerlinbSpringer Berlin Heidelbergc2013 aOnline resource aBiological and Medical Physics, Biomedical Engineering a Biological and Medical Physics, Biophysics a Biological Microscopy a Optics, Lasers, Photonics, Optical Devices aPhysics uhttp://doi.org/10.1007/978-3-642-28391-8yClick Here to Access eBook